000 00671nam a2200241Ia 4500
003 OSt
005 20221005083022.0
006 a|||||r|||| 00| 0
007 ta
008 221004b |||||||| |||| 00| 0 eng d
020 _c1800
024 _a100444
037 _b273, 19/03/2010, University Book House
_cTextual
040 _aCRL
_cCRL
_beng
041 _2eng
_aeng
082 _aNA4481,8, fN7
245 0 _aDelhi
_b City of monuments
260 _aNew Delhi
_bTimeless Books India
_c1997
300 _a164p.
_ccm.
650 _aARTS
942 _hNA4481,8, fN7
_cTEXL
_2cc
999 _c990203
_d990203